[Event "AUTO-OPEN-883"]
[Site "http://www.queenalice.com/game.php?id=295434"]
[Date "2007.10.30"]
[Round "1"]
[White "Saraceno"]
[Black "BrunoBr"]
[Result "1-0"]
[WhiteElo "1120"]
[BlackElo "1486"]

1. e4 e6 2. Bb5 a6 3. Ba4 b5 4. Bb3 Bb7 5. Nf3 d5 6. d3 dxe4 7. dxe4 Qxd1+ 8.
Kxd1 Bxe4 9. Ne5 Bd6 10. Ng4 Bxg2 11. Re1 Bf3+ 12. Kd2 Bf4+ 13. Kd3 Bxc1 14.
Rxc1 Bxg4 15. Nc3 c5 16. a4 b4 17. Ne4 Bf5 18. f3 Nf6 19. Re1 O-O 20. h4 1-0

[Event "AUTO-OPEN-883"]
[Site "http://www.queenalice.com/game.php?id=295435"]
[Date "2007.10.30"]
[Round "1"]
[White "BrunoBr"]
[Black "Saraceno"]
[Result "1-0"]
[WhiteElo "1714"]
[BlackElo "1120"]

1. d4 e5 2. dxe5 c6 3. f4 Na6 4. Nf3 Nh6 5. e4 d6 6. exd6 Bxd6 7. Bc4 Ng4 8. Ng5
Qf6 9. Bxf7+ Kd8 10. e5 Qe7 11. Qxd6+ Bd7 12. Ne6+ Qxe6 13. Bxe6 Nf6 14. Bxd7 b5
15. Bxc6+ Kc8 16. exf6 gxf6 17. Qd7+ Kb8 18. Qb7# 1-0

[Event "AUTO-OPEN-883"]
[Site "http://www.queenalice.com/game.php?id=295436"]
[Date "2007.10.30"]
[Round "1"]
[White "Saraceno"]
[Black "reginaldox"]
[Result "0-1"]
[WhiteElo "1131"]
[BlackElo "1754"]

1. e4 c5 2. Nc3 Nc6 3. Nh3 d6 4. d3 Bd7 5. d4 Nf6 6. Qe2 e5 7. Ng5 Be7 8. b3
Nxd4 9. Qc4 Be6 10. Nxe6 fxe6 11. g3 Nxc2+ 12. Kd1 Nxa1 13. Qxe6 Qd7 14. Bh3 Rd8
15. Bf1 Qxe6 16. f4 d5 17. Bb5+ Nd7 18. f5 Qb6 19. a4 Nxb3 20. Nxd5 Qd6 21. Bc4
Nxc1 22. Kxc1 Nb6 23. f6 Bxf6 24. Rf1 Nxc4 25. a5 Kf8 26. Nc3 Qd2+ 27. Kb1 Qb2#
0-1

[Event "AUTO-OPEN-883"]
[Site "http://www.queenalice.com/game.php?id=295437"]
[Date "2007.10.30"]
[Round "1"]
[White "reginaldox"]
[Black "Saraceno"]
[Result "1-0"]
[WhiteElo "1762"]
[BlackElo "1116"]

1. b4 e5 2. Bb2 d6 3. e4 Nc6 4. b5 Nb4 5. a3 Nf6 6. axb4 Bg4 7. Be2 d5 8. Bxg4
Nxg4 9. Qxg4 dxe4 10. Qxe4 Bd6 11. Qxb7 Bxb4 12. Qc6+ Ke7 13. c3 Ba5 14. Ba3+
Bb4 15. Bxb4+ Qd6 16. Bxd6+ Kf6 17. Bxc7+ Kf5 18. Nf3 Rae8 19. O-O e4 20. Nh4+
Kg5 21. g3 f5 22. Bf4+ Kg4 23. Kg2 g5 24. f3+ Kh5 25. Bxg5 exf3+ 26. Rxf3 1-0

[Event "AUTO-OPEN-883"]
[Site "http://www.queenalice.com/game.php?id=295438"]
[Date "2007.10.30"]
[Round "1"]
[White "Saraceno"]
[Black "UnknownKnight"]
[Result "0-1"]
[WhiteElo "1158"]
[BlackElo "2009"]

1. e4 e5 2. Bb5 Nf6 3. Nf3 Nc6 4. Nxe5 Nxe5 5. Nc3 a6 6. Ba4 c5 7. d3 b5 8. Bb3
Be7 9. d4 cxd4 10. Ne2 Bb7 11. Nxd4 Bxe4 12. f3 Bb7 13. Qe2 Nc6 14. Nf5 O-O 15.
Qf2 Re8 16. Bf4 Bc5+ 17. Qe2 Rxe2+ 18. Kxe2 Nd4+ 19. Ke1 Nxf5 20. Rd1 Qe7+ 21.
Kf1 Ne3+ 22. Ke1 Nxg2+ 23. Kf1 Nxf4 24. Rg1 Qe2# 0-1

[Event "AUTO-OPEN-883"]
[Site "http://www.queenalice.com/game.php?id=295439"]
[Date "2007.10.30"]
[Round "1"]
[White "UnknownKnight"]
[Black "Saraceno"]
[Result "1-0"]
[WhiteElo "2018"]
[BlackElo "1120"]

1. e4 e5 2. f4 d6 3. Nf3 Nf6 4. Nc3 Nc6 5. d4 Bg4 6. fxe5 Nxe4 7. Nxe4 d5 8. Nc3
Bb4 9. Be2 f6 10. exf6 gxf6 11. O-O Ne7 12. h3 Bh5 13. Nh4 Rg8 14. Bxh5+ Kf8 15.
Bh6+ Rg7 16. Qg4 Qd6 17. Qxg7# 1-0

[Event "AUTO-BEG-152"]
[Site "http://www.queenalice.com/game.php?id=296473"]
[Date "2007.11.1"]
[Round "1"]
[White "Saraceno"]
[Black "rharshul"]
[Result "0-1"]
[WhiteElo "1114"]
[BlackElo "1510"]

1. e4 e5 2. b3 Nf6 3. f3 d5 4. Nc3 dxe4 5. d3 exf3 6. Qxf3 Bb4 7. Bd2 Bg4 8.
Qxb7 O-O 9. Nb5 Bxd2+ 10. Kxd2 Nbd7 11. Qc6 Nc5 12. Qxc5 a6 13. Nxc7 Rc8 14. Re1
Nd7 15. Qc4 Be6 16. Qh4 Rxc7 0-1

[Event "AUTO-BEG-152"]
[Site "http://www.queenalice.com/game.php?id=296474"]
[Date "2007.11.1"]
[Round "1"]
[White "rharshul"]
[Black "Saraceno"]
[Result "1-0"]
[WhiteElo "1512"]
[BlackElo "1112"]

1. e4 d5 2. Nc3 c6 3. d3 Nf6 4. e5 Ng4 5. d4 Qa5 6. h3 Nh6 7. Bxh6 gxh6 8. Nf3
Bf5 9. Bd3 e6 10. Bxf5 exf5 11. Qd2 Na6 12. O-O Qd8 13. Qf4 Rg8 14. Qxf5 Qb6 15.
b3 Bb4 16. Ne2 1-0

[Event "AUTO-BEG-152"]
[Site "http://www.queenalice.com/game.php?id=296475"]
[Date "2007.11.1"]
[Round "1"]
[White "Saraceno"]
[Black "Drica"]
[Result "0-1"]
[WhiteElo "1120"]
[BlackElo "1531"]

1. e4 e5 2. Bc4 d6 3. b3 g6 4. Nf3 Bg4 5. d3 Qd7 6. Nc3 Nc6 7. Bg5 Nd4 8. Nd5 h6
9. a4 hxg5 10. Qd2 Bxf3 11. gxf3 Nxf3+ 12. Kd1 Nxd2 13. Kxd2 Rh3 14. Rhg1 Rxh2
15. Rxg5 Rxf2+ 16. Kc3 c6 17. Ne3 Bh6 18. Rg2 Rxg2 19. b4 Bxe3 20. Rf1 a5 0-1

[Event "AUTO-BEG-152"]
[Site "http://www.queenalice.com/game.php?id=296476"]
[Date "2007.11.1"]
[Round "1"]
[White "Drica"]
[Black "Saraceno"]
[Result "1-0"]
[WhiteElo "1516"]
[BlackElo "1132"]

1. e4 d5 2. exd5 Qxd5 3. c4 Qg5 4. Qc2 Nc6 5. Qa4 Nf6 6. Nh3 Qe5+ 7. Be2 g6 8.
f4 Qe4 9. Rg1 e6 10. d3 Qf5 11. Rf1 b5 12. cxb5 Nd8 13. b6+ Nd7 14. bxc7 Nb7 15.
Rf3 Bc5 16. Be3 a5 17. Bd2 Ra6 18. Qb5 Qg4 19. Qxa6 Ne5 20. Rg3 Qh4 21. Qa8 Nd6
22. fxe5 Nf5 23. Qxc8+ Ke7 24. Qxh8 Nd4 25. c8=Q Nc2+ 26. Kd1 Qa4 27. Qc7+ Qd7
28. Qxc5+ Qd6 29. Qxd6# 1-0

[Event "AUTO-BEG-152"]
[Site "http://www.queenalice.com/game.php?id=296477"]
[Date "2007.11.1"]
[Round "1"]
[White "Saraceno"]
[Black "gazinho"]
[Result "0-1"]
[WhiteElo "1133"]
[BlackElo "1503"]

1. e4 c5 2. d3 Nc6 3. Nf3 e5 4. Nc3 d6 5. Ng5 h6 6. Nf3 Bg4 7. d4 cxd4 8. Nd5
Nf6 9. Bb5 Nxe4 10. c3 dxc3 11. bxc3 a6 12. Bc4 Na5 13. h3 Be6 14. Nb4 Nxc4 15.
Qa4+ Qd7 16. Qc2 d5 17. Nxe5 Qb5 18. Bf4 Qc5 19. Qa4+ Ke7 20. Ng4 Bxg4 21. hxg4
Qxf2+ 22. Kd1 Nxc3+ 23. Kc1 Qxf4+ 24. Kc2 Qd2+ 25. Kb3 Qb2# 0-1

[Event "AUTO-BEG-152"]
[Site "http://www.queenalice.com/game.php?id=296478"]
[Date "2007.11.1"]
[Round "1"]
[White "gazinho"]
[Black "Saraceno"]
[Result "1-0"]
[WhiteElo "1454"]
[BlackElo "1110"]

1. d4 e5 2. d5 c6 3. e4 Nf6 4. Bd3 Bc5 5. Be3 d6 6. Bg5 Bg4 7. Ne2 cxd5 8. exd5
Qa5+ 9. Nbc3 Nh5 10. O-O f6 11. Bh4 Na6 12. Nb5 Rf8 13. h3 Nf4 14. g3 Nxd5 15.
b3 g5 16. hxg4 Qb4 17. c4 gxh4 18. gxh4 Nf4 19. Nxf4 Rg8 20. Nd5 Rxg4+ 21. Qxg4
Qd2 22. Qg8+ Kd7 23. Qxa8 e4 24. Nxf6+ Ke7 25. Qe8+ Kxf6 26. Qf8+ Ke5 27. Rad1
1-0

[Event "AUTO-OPEN-909"]
[Site "http://www.queenalice.com/game.php?id=307576"]
[Date "2007.11.21"]
[Round "1"]
[White "braseiko"]
[Black "Saraceno"]
[Result "1-0"]
[WhiteElo "1542"]
[BlackElo "1100"]

1. e4 e5 2. Nf3 Nc6 3. Bc4 Nf6 4. O-O Ng4 5. d4 Qf6 6. Bg5 Qg6 7. h3 h6 8. Bh4
exd4 9. hxg4 Qxg4 10. Bg3 h5 11. Nbd2 Nb4 12. a3 g6 13. Ne5 1-0

[Event "AUTO-OPEN-909"]
[Site "http://www.queenalice.com/game.php?id=307577"]
[Date "2007.11.21"]
[Round "1"]
[White "Saraceno"]
[Black "braseiko"]
[Result "0-1"]
[WhiteElo "1098"]
[BlackElo "1544"]

1. Nc3 Nf6 2. e4 e5 3. d3 Bb4 4. g3 d5 5. Qf3 d4 6. Bg5 dxc3 7. Nh3 cxb2+ 8. Ke2
bxa1=Q 9. c3 Qxa2+ 10. Ke1 Bxc3+ 11. Kd1 Qd2+ 12. Bxd2 Bxd2 0-1

[Event "AUTO-OPEN-909"]
[Site "http://www.queenalice.com/game.php?id=307624"]
[Date "2007.11.21"]
[Round "1"]
[White "Saraceno"]
[Black "vitorflan"]
[Result "0-1"]
[WhiteElo "1131"]
[BlackElo "1222"]

1. e3 a6 2. Nf3 d6 3. Ng5 h6 4. Nh3 Bxh3 5. gxh3 Nf6 6. c3 Nc6 7. Qf3 e5 8. Bc4
d5 9. Bd3 e4 10. Qf5 exd3 11. Qxd3 Be7 0-1

[Event "AUTO-OPEN-909"]
[Site "http://www.queenalice.com/game.php?id=307625"]
[Date "2007.11.21"]
[Round "1"]
[White "vitorflan"]
[Black "Saraceno"]
[Result "1-0"]
[WhiteElo "1239"]
[BlackElo "1131"]

1. e4 d5 2. e5 e6 3. d4 Nh6 4. Bxh6 f6 5. Bf4 fxe5 6. dxe5 Bc5 7. Be2 Qh4 8. g3
Qe7 9. a3 Rf8 10. Nc3 Nc6 11. Bb5 a6 12. Bxc6+ 1-0

[Event "AUTO-BEG-158"]
[Site "http://www.queenalice.com/game.php?id=308757"]
[Date "2007.11.23"]
[Round "1"]
[White "Saraceno"]
[Black "KingofTara"]
[Result "0-1"]
[WhiteElo "1123"]
[BlackElo "1338"]

1. e4 e5 2. c3 Nc6 3. Nf3 Nf6 4. Qb3 d5 5. Bb5 Nxe4 6. d3 Nc5 7. Qd1 Qd7 8. g3
e4 9. Ng5 f6 10. Nh3 Qxh3 11. d4 Bg4 0-1

[Event "AUTO-BEG-158"]
[Site "http://www.queenalice.com/game.php?id=308759"]
[Date "2007.11.23"]
[Round "1"]
[White "Saraceno"]
[Black "BarnabyJockers"]
[Result "0-1"]
[WhiteElo "1125"]
[BlackElo "1812"]

1. e4 d6 2. Nc3 Nc6 3. Qf3 e6 4. Nh3 Nf6 5. e5 Nxe5 6. Bb5+ c6 7. Bd3 Nxf3+ 8.
gxf3 e5 9. Rg1 Bxh3 10. b3 Nh5 11. Ne4 Nf4 12. Bc4 d5 13. Rg5 Ng2+ 14. Kf1 Nf4+
15. Kg1 dxc4 0-1

[Event "AUTO-BEG-158"]
[Site "http://www.queenalice.com/game.php?id=308760"]
[Date "2007.11.23"]
[Round "1"]
[White "BarnabyJockers"]
[Black "Saraceno"]
[Result "1-0"]
[WhiteElo "1810"]
[BlackElo "1127"]

1. e4 e5 2. Nf3 d6 3. Nc3 c6 4. d4 exd4 5. Qxd4 d5 6. Be3 Nf6 7. Be2 Bg4 8. h3
c5 9. Qd1 d4 10. hxg4 dxe3 11. Bb5+ Ke7 12. Qxd8+ Kxd8 13. O-O-O+ Kc8 14. fxe3
g6 15. Ne5 Nxg4 16. Nxg4 1-0

[Event "AUTO-BEG-158"]
[Site "http://www.queenalice.com/game.php?id=308761"]
[Date "2007.11.23"]
[Round "1"]
[White "Saraceno"]
[Black "roberto_falk"]
[Result "0-1"]
[WhiteElo "1110"]
[BlackElo "1256"]

1. e4 e5 2. d3 Nc6 3. Qf3 Nd4 4. Qd1 Nf6 5. c3 Ne6 6. Nh3 c5 7. f4 exf4 8. Na3
Be7 9. e5 Nd5 10. Qh5 Ne3 11. Ng5 Bxg5 12. d4 g6 13. Qh3 Bh4+ 14. g3 fxg3 15.
Qxh4 Qxh4 16. Bxe3 g2+ 17. Kd1 gxh1=Q 0-1

[Event "AUTO-BEG-158"]
[Site "http://www.queenalice.com/game.php?id=308762"]
[Date "2007.11.23"]
[Round "1"]
[White "roberto_falk"]
[Black "Saraceno"]
[Result "1-0"]
[WhiteElo "1291"]
[BlackElo "1158"]

1. e4 Nc6 2. d4 e5 3. dxe5 Nxe5 4. Nh3 Qf6 5. Nc3 Bc5 6. Nd5 Qxf2+ 7. Nxf2 Nh6
8. Bxh6 d6 9. Nxc7+ Kd8 10. Nxa8 gxh6 11. Qh5 Bg4 12. Qh4+ Kc8 13. Qe7 Nc4 14.
Qc7# 1-0